[Event "ODJM C 2023"]
[Site "Willingen GER"]
[Date "2023.06.03"]
[Round "9"]
[White "Lau, Lars"]
[Black "Müller, Ariana"]
[Result "1/2-1/2"]
[Termination "normal"]
[Board "24"]
[WhiteElo "1244"]
[BlackElo "1148"]
[WhiteClock "01:25:09"]
[BlackClock "00:00:31"]
[PlyCount "150"]
[WhiteFideId "34623663"]
[BlackFideId "34615024"]
[EventCountry "GER"]
[EventRounds "9"]
[EventType "swiss"]
[EventDate "2023.05.27"]

1. c4 {[%clk 01:30:58]} {[%emt 00:00:02]} Nf6 {[%clk 01:30:56]} {[%emt
00:00:04]} 2. e3 {[%clk 01:31:23]} {[%emt 00:00:06]} e5 {[%clk 01:31:21]}
{[%emt 00:00:04]} 3. Nc3 {[%clk 01:31:48]} {[%emt 00:00:05]} Nc6 {[%clk
01:31:45]} {[%emt 00:00:06]} 4. b3 {[%clk 01:32:05]} {[%emt 00:00:13]} Bb4
{[%clk 01:32:04]} {[%emt 00:00:10]} 5. Bb2 {[%clk 01:32:29]} {[%emt 00:00:06]}
O-O {[%clk 01:32:00]} {[%emt 00:00:34]} 6. Nge2 {[%emt 00:00:34]} d6 {[%clk
01:31:10]} {[%emt 00:01:18]} 7. h4 {[%clk 01:31:18]} {[%emt 00:01:39]} Re8
{[%clk 01:25:51]} {[%emt 00:05:49]} 8. Nd5 {[%clk 01:30:23]} {[%emt 00:01:26]}
Bf5 {[%clk 01:19:55]} {[%emt 00:06:26]} 9. Nxf6+ {[%clk 01:30:44]} {[%emt
00:00:09]} Qxf6 {[%clk 01:17:12]} {[%emt 00:03:12]} 10. Ng3 {[%clk 01:29:28]}
{[%emt 00:01:46]} Rad8 {[%clk 01:05:48]} {[%emt 00:11:54]} 11. Nxf5 {[%clk
01:28:28]} {[%emt 00:01:29]} Qxf5 {[%clk 01:04:50]} {[%emt 00:01:28]} 12. g4
{[%clk 01:28:42]} {[%emt 00:00:17]} Qe4 {[%clk 01:00:45]} {[%emt 00:04:34]} 13.
f3 {[%clk 01:28:17]} {[%emt 00:00:55]} Qxe3+ {[%clk 00:58:02]} {[%emt
00:03:13]} 14. Be2 {[%clk 01:28:24]} {[%emt 00:00:23]} Nd4 {[%clk 00:56:51]}
{[%emt 00:01:41]} 15. a3 {[%clk 01:27:48]} {[%emt 00:01:06]} Bxd2+ {[%clk
00:54:33]} {[%emt 00:02:47]} 16. Kf1 {[%clk 01:27:06]} {[%emt 00:01:13]} e4
{[%clk 00:50:27]} {[%emt 00:04:36]} 17. Bxd4 {[%clk 01:26:29]} {[%emt
00:01:06]} Qxd4 {[%clk 00:50:14]} {[%emt 00:00:43]} 18. Kg2 {[%clk 01:26:31]}
{[%emt 00:00:28]} exf3+ {[%clk 00:47:12]} {[%emt 00:03:32]} 19. Bxf3 {[%clk
01:26:54]} {[%emt 00:00:08]} Re3 {[%clk 00:46:10]} {[%emt 00:01:31]} 20. Rf1
{[%clk 01:24:57]} {[%emt 00:02:28]} Bc3 {[%clk 00:42:09]} {[%emt 00:04:31]} 21.
Qxd4 {[%clk 01:24:54]} {[%emt 00:00:33]} Bxd4 {[%clk 00:42:32]} {[%emt
00:00:07]} 22. Rad1 {[%clk 01:25:17]} {[%emt 00:00:06]} c5 {[%clk 00:42:06]}
{[%emt 00:00:57]} 23. Bd5 {[%clk 01:25:15]} {[%emt 00:00:32]} Re2+ {[%clk
00:41:12]} {[%emt 00:01:23]} 24. Kh1 {[%clk 01:25:37]} {[%emt 00:00:08]} Rd7
{[%clk 00:40:39]} {[%emt 00:01:04]} 25. Rf4 {[%clk 01:25:24]} {[%emt 00:00:43]}
Rde7 {[%clk 00:39:37]} {[%emt 00:01:31]} 26. Rdf1 {[%clk 01:25:49]} {[%emt
00:00:06]} R7e3 {[%clk 00:37:09]} {[%emt 00:02:57]} 27. Bg2 {[%clk 01:26:13]}
{[%emt 00:00:06]} f6 {[%clk 00:34:48]} {[%emt 00:02:51]} 28. g5 {[%clk
01:26:35]} {[%emt 00:00:09]} Rg3 {[%clk 00:34:24]} {[%emt 00:00:53]} 29. Bd5+
{[%clk 01:26:27]} {[%emt 00:00:39]} Kf8 {[%clk 00:32:26]} {[%emt 00:02:28]} 30.
R4f3 {[%clk 01:26:41]} {[%emt 00:00:16]} Rxf3 {[%clk 00:30:40]} {[%emt
00:02:15]} 31. Rxf3 {[%clk 01:27:05]} {[%emt 00:00:06]} Re1+ {[%clk 00:30:25]}
{[%emt 00:00:44]} 32. Kh2 {[%clk 01:27:23]} {[%emt 00:00:12]} Be5+ {[%clk
00:29:04]} {[%emt 00:01:52]} 33. Kg2 {[%clk 01:27:15]} {[%emt 00:00:38]} Ke8
{[%clk 00:28:21]} {[%emt 00:01:12]} 34. Bxb7 {[%clk 01:25:10]} {[%emt
00:02:35]} fxg5 {[%clk 00:28:15]} {[%emt 00:00:36]} 35. hxg5 {[%clk 01:25:30]}
{[%emt 00:00:11]} h5 {[%clk 00:28:23]} {[%emt 00:00:22]} 36. gxh6 {[%clk
01:25:53]} {[%emt 00:00:07]} gxh6 {[%clk 00:28:43]} {[%emt 00:00:10]} 37. Bd5
{[%clk 01:25:59]} {[%emt 00:00:24]} Re2+ {[%clk 00:27:58]} {[%emt 00:01:15]}
38. Kf1 {[%clk 01:25:38]} {[%emt 00:00:51]} Rh2 {[%clk 00:26:54]} {[%emt
00:01:34]} 39. Rf7 {[%clk 01:26:01]} {[%emt 00:00:08]} h5 {[%clk 00:25:53]}
{[%emt 00:01:31]} 40. Rxa7 {[%clk 01:26:27]} {[%emt 00:00:05]} h4 {[%clk
00:26:05]} {[%emt 00:00:18]} 41. a4 {[%clk 01:26:50]} {[%emt 00:00:07]} h3
{[%clk 00:26:05]} {[%emt 00:00:29]} 42. a5 {[%clk 01:27:15]} {[%emt 00:00:06]}
Ra2 {[%clk 00:26:09]} {[%emt 00:00:26]} 43. Bc6+ {[%clk 01:25:19]} {[%emt
00:02:25]} Kd8 {[%clk 00:23:17]} {[%emt 00:03:03]} 44. Ba4 {[%clk 01:25:36]}
{[%emt 00:00:32]} Ra1+ {[%clk 00:22:33]} {[%emt 00:01:14]} 45. Kf2 {[%clk
01:25:50]} {[%emt 00:00:16]} h2 {[%clk 00:21:29]} {[%emt 00:01:33]} 46. Bc6
{[%clk 01:26:07]} {[%emt 00:00:14]} Ra2+ {[%clk 00:21:22]} {[%emt 00:00:37]}
47. Ke3 {[%clk 01:26:16]} {[%emt 00:00:19]} Bd4+ {[%clk 00:21:07]} {[%emt
00:00:45]} 48. Kf4 {[%clk 01:26:29]} {[%emt 00:00:18]} Rd2 {[%clk 00:19:40]}
{[%emt 00:01:56]} 49. Kf5 {[%clk 01:26:40]} {[%emt 00:00:20]} Be5 {[%clk
00:18:32]} {[%emt 00:01:38]} 50. Rh7 {[%clk 01:26:48]} {[%emt 00:00:22]} Rf2+
{[%clk 00:18:08]} {[%emt 00:00:54]} 51. Ke6 {[%clk 01:26:42]} {[%emt 00:00:36]}
Rf6+ {[%clk 00:17:22]} {[%emt 00:01:16]} 52. Kd5 {[%clk 01:27:05]} {[%emt
00:00:07]} Rf1 {[%clk 00:16:39]} {[%emt 00:01:12]} 53. Ke6 {[%clk 01:26:59]}
{[%emt 00:00:37]} Ra1 {[%clk 00:16:21]} {[%emt 00:00:48]} 54. Rd7+ {[%clk
01:25:09]} {[%emt 00:02:16]} Kc8 {[%clk 00:15:27]} {[%emt 00:01:27]} 55. Bb7+
{[%clk 01:24:47]} {[%emt 00:00:54]} Kb8 {[%clk 00:15:37]} {[%emt 00:00:19]} 56.
a6 {[%clk 01:24:56]} {[%emt 00:00:21]} Bc3 {[%clk 00:10:27]} {[%emt 00:05:40]}
57. Rh7 {[%clk 01:25:06]} {[%emt 00:00:21]} Be5 {[%clk 00:10:05]} {[%emt
00:00:51]} 58. Rh5 {[%clk 01:24:42]} {[%emt 00:00:53]} Ka7 {[%clk 00:09:15]}
{[%emt 00:01:20]} 59. Rh7 {[%clk 01:24:14]} {[%emt 00:00:58]} Kb6 {[%clk
00:08:54]} {[%emt 00:00:51]} 60. Kd7 {[%clk 01:24:10]} {[%emt 00:00:34]} Rxa6
{[%clk 00:07:43]} {[%emt 00:01:42]} 61. Bxa6 {[%clk 01:24:13]} {[%emt
00:00:27]} Kxa6 {[%clk 00:07:55]} {[%emt 00:00:18]} 62. Kc6 {[%clk 01:24:21]}
{[%emt 00:00:22]} Ka5 {[%clk 00:08:07]} {[%emt 00:00:18]} 63. Rh3 {[%clk
01:23:58]} {[%emt 00:00:53]} Kb4 {[%clk 00:07:37]} {[%emt 00:01:00]} 64. Kd5
{[%clk 01:24:13]} {[%emt 00:00:15]} Ka3 {[%clk 00:07:35]} {[%emt 00:00:32]} 65.
Kc6 {[%clk 01:24:10]} {[%emt 00:00:32]} Kb2 {[%clk 00:07:49]} {[%emt 00:00:17]}
66. Kb5 {[%clk 01:24:18]} {[%emt 00:00:23]} Kc2 {[%clk 00:04:44]} {[%emt
00:03:35]} 67. b4 {[%clk 01:22:54]} {[%emt 00:01:54]} cxb4 {[%clk 00:04:53]}
{[%emt 00:00:20]} 68. Kxb4 {[%clk 01:23:16]} {[%emt 00:00:07]} Bd4 {[%clk
00:03:28]} {[%emt 00:01:56]} 69. Kb5 {[%clk 01:23:15]} {[%emt 00:00:31]} Be5
{[%clk 00:02:52]} {[%emt 00:01:06]} 70. Kc6 {[%clk 01:23:35]} {[%emt 00:00:11]}
Bg3 {[%clk 00:00:54]} {[%emt 00:02:27]} 71. c5 {[%clk 01:23:48]} {[%emt
00:00:18]} dxc5 {[%clk 00:01:12]} {[%emt 00:00:11]} 72. Kxc5 {[%clk 01:24:14]}
{[%emt 00:00:04]} Kd3 {[%clk 00:00:38]} {[%emt 00:01:04]} 73. Kd5 {[%clk
01:24:39]} {[%emt 00:00:05]} Ke2 {[%clk 00:00:49]} {[%emt 00:00:18]} 74. Ke4
{[%clk 01:24:41]} {[%emt 00:00:29]} Kf2 {[%clk 00:00:52]} {[%emt 00:00:27]} 75.
Rxh2+ {[%clk 01:25:09]} {[%emt 00:00:03]} Bxh2 {[%clk 00:00:31]} {[%emt
00:00:21]} 1/2-1/2

[Event "ODJM C 2023"]
[Site "Willingen GER"]
[Date "2023.06.03"]
[Round "9"]
[White "Schilay, Vinzenz"]
[Black "Klockhaus, Daniel"]
[Result "0-1"]
[Termination "normal"]
[Board "25"]
[WhiteElo "1052"]
[BlackElo "1440"]
[WhiteClock "01:07:12"]
[BlackClock "00:08:33"]
[PlyCount "114"]
[WhiteFideId "12983209"]
[BlackFideId "16299132"]
[EventCountry "GER"]
[EventRounds "9"]
[EventType "swiss"]
[EventDate "2023.05.27"]

1. e4 {[%clk 01:30:59]} {[%emt 00:00:01]} c6 {[%clk 01:30:57]} {[%emt
00:00:03]} 2. d4 {[%clk 01:31:23]} {[%emt 00:00:05]} d5 {[%clk 01:31:26]}
{[%emt 00:00:01]} 3. exd5 {[%clk 01:31:49]} {[%emt 00:00:05]} cxd5 {[%clk
01:31:50]} {[%emt 00:00:06]} 4. Bd3 {[%clk 01:32:13]} {[%emt 00:00:05]} Nc6
{[%clk 01:31:03]} {[%emt 00:01:17]} 5. c3 {[%clk 01:32:23]} {[%emt 00:00:21]}
Nf6 {[%clk 01:30:34]} {[%emt 00:00:59]} 6. h3 {[%clk 01:32:46]} {[%emt
00:00:07]} e5 {[%clk 01:29:24]} {[%emt 00:01:39]} 7. dxe5 {[%clk 01:32:37]}
{[%emt 00:00:39]} Nxe5 {[%clk 01:29:24]} {[%emt 00:00:31]} 8. Qe2 {[%clk
01:32:23]} {[%emt 00:00:44]} Qe7 {[%clk 01:27:33]} {[%emt 00:02:20]} 9. Bc2
{[%clk 01:31:26]} {[%emt 00:01:28]} Nc6 {[%clk 01:20:40]} {[%emt 00:07:23]} 10.
Nf3 {[%clk 01:29:20]} {[%emt 00:02:36]} Qxe2+ {[%clk 01:19:26]} {[%emt
00:01:43]} 11. Kxe2 {[%clk 01:29:43]} {[%emt 00:00:07]} Be7 {[%clk 01:17:45]}
{[%emt 00:02:12]} 12. Bf4 {[%clk 01:29:34]} {[%emt 00:00:39]} O-O {[%clk
01:16:51]} {[%emt 00:01:24]} 13. Re1 {[%clk 01:29:47]} {[%emt 00:00:18]} Re8
{[%clk 01:13:46]} {[%emt 00:03:35]} 14. Nbd2 {[%clk 01:29:48]} {[%emt
00:00:29]} Ba3+ {[%clk 00:59:12]} {[%emt 00:15:04]} 15. Kf1 {[%clk 01:27:27]}
{[%emt 00:02:50]} Bxb2 {[%clk 00:58:51]} {[%emt 00:00:51]} 16. Rxe8+ {[%clk
01:22:33]} {[%emt 00:05:25]} Nxe8 {[%clk 00:59:15]} {[%emt 00:00:06]} 17. Re1
{[%clk 01:22:34]} {[%emt 00:00:28]} Bd7 {[%clk 00:55:12]} {[%emt 00:04:32]} 18.
c4 {[%clk 01:20:08]} {[%emt 00:02:57]} Nf6 {[%clk 00:49:01]} {[%emt 00:06:40]}
19. Rb1 {[%clk 01:15:21]} {[%emt 00:05:18]} Bc3 {[%clk 00:43:04]} {[%emt
00:06:27]} 20. cxd5 {[%clk 01:14:22]} {[%emt 00:01:29]} Nb4 {[%clk 00:35:48]}
{[%emt 00:07:46]} 21. d6 {[%clk 01:14:00]} {[%emt 00:00:53]} Nxc2 {[%clk
00:32:56]} {[%emt 00:03:21]} 22. Rxb7 {[%clk 01:13:42]} {[%emt 00:00:48]} Nb4
{[%clk 00:30:49]} {[%emt 00:02:36]} 23. g4 {[%clk 01:13:26]} {[%emt 00:00:47]}
h6 {[%clk 00:28:35]} {[%emt 00:02:43]} 24. h4 {[%clk 01:10:46]} {[%emt
00:03:10]} Bxg4 {[%clk 00:25:58]} {[%emt 00:03:07]} 25. Ne5 {[%clk 01:08:51]}
{[%emt 00:02:25]} Bxe5 {[%clk 00:23:19]} {[%emt 00:03:09]} 26. Bxe5 {[%clk
01:09:02]} {[%emt 00:00:19]} Nc6 {[%clk 00:22:29]} {[%emt 00:01:20]} 27. Bg3
{[%clk 01:08:49]} {[%emt 00:00:45]} Rd8 {[%clk 00:20:46]} {[%emt 00:02:12]} 28.
Rc7 {[%clk 01:07:07]} {[%emt 00:02:13]} Bd7 {[%clk 00:18:45]} {[%emt 00:02:30]}
29. Nb3 {[%clk 01:06:12]} {[%emt 00:01:25]} Nd5 {[%clk 00:17:19]} {[%emt
00:01:55]} 30. Rb7 {[%clk 01:06:21]} {[%emt 00:00:24]} Bc8 {[%clk 00:15:08]}
{[%emt 00:02:39]} 31. Rb5 {[%clk 01:05:23]} {[%emt 00:01:28]} Ba6 {[%clk
00:14:03]} {[%emt 00:01:35]} 32. a4 {[%clk 01:05:03]} {[%emt 00:00:51]} Nc3
{[%clk 00:12:32]} {[%emt 00:01:59]} 33. Nc5 {[%clk 01:04:32]} {[%emt 00:01:00]}
Bxb5+ {[%clk 00:12:40]} {[%emt 00:00:23]} 34. axb5 {[%clk 01:04:33]} {[%emt
00:00:29]} Nxb5 {[%clk 00:11:23]} {[%emt 00:01:46]} 35. d7 {[%clk 01:04:34]}
{[%emt 00:00:30]} a5 {[%clk 00:10:37]} {[%emt 00:01:16]} 36. Ke1 {[%clk
01:04:09]} {[%emt 00:00:54]} Nbd4 {[%clk 00:09:00]} {[%emt 00:02:05]} 37. Bc7
{[%clk 01:04:08]} {[%emt 00:00:34]} Ra8 {[%clk 00:06:05]} {[%emt 00:03:24]} 38.
Kd2 {[%clk 01:03:55]} {[%emt 00:00:44]} Ne6 {[%clk 00:05:53]} {[%emt 00:00:42]}
39. Kc3 {[%clk 01:03:30]} {[%emt 00:00:55]} Nxc5 {[%clk 00:05:28]} {[%emt
00:00:54]} 40. d8=Q+ Nxd8 {[%clk 00:05:37]} 41. Bxa5 {[%clk 01:02:53]} {[%emt
00:00:51]} Rxa5 {[%clk 00:04:23]} {[%emt 00:01:44]} 42. Kb4 {[%clk 01:03:00]}
{[%emt 00:00:24]} Nc6+ {[%clk 00:04:30]} {[%emt 00:00:23]} 43. Kc4 {[%clk
01:03:21]} {[%emt 00:00:08]} Ra2 {[%clk 00:04:24]} {[%emt 00:00:35]} 44. f4
{[%clk 01:03:35]} {[%emt 00:00:17]} Rf2 {[%clk 00:04:40]} {[%emt 00:00:14]} 45.
Kd5 {[%clk 01:03:49]} {[%emt 00:00:16]} Rxf4 {[%clk 00:05:01]} {[%emt
00:00:09]} 46. Kd6 {[%clk 01:04:02]} {[%emt 00:00:17]} Re4 {[%clk 00:05:03]}
{[%emt 00:00:26]} 47. h5 {[%clk 01:04:22]} {[%emt 00:00:12]} f5 {[%clk
00:05:25]} {[%emt 00:00:08]} 48. Kc7 {[%clk 01:04:39]} {[%emt 00:00:13]} f4
{[%clk 00:05:48]} {[%emt 00:00:07]} 49. Kb6 {[%clk 01:04:49]} {[%emt 00:00:20]}
f3 {[%clk 00:06:04]} {[%emt 00:00:15]} 50. Kb5 {[%clk 01:05:05]} {[%emt
00:00:14]} f2 {[%clk 00:06:24]} {[%emt 00:00:10]} 51. Kb6 {[%clk 01:05:26]}
{[%emt 00:00:09]} f1=Q {[%clk 00:06:43]} {[%emt 00:00:11]} 52. Kc7 {[%clk
01:05:43]} {[%emt 00:00:13]} Qd1 {[%clk 00:06:58]} {[%emt 00:00:15]} 53. Kb6
{[%clk 01:05:57]} {[%emt 00:00:17]} Ne6 {[%clk 00:07:13]} {[%emt 00:00:14]} 54.
Kb7 {[%clk 01:06:04]} {[%emt 00:00:23]} Ne5 {[%clk 00:07:27]} {[%emt 00:00:16]}
55. Kb6 {[%clk 01:06:25]} {[%emt 00:00:09]} Rc4 {[%clk 00:07:47]} {[%emt
00:00:10]} 56. Kb5 {[%clk 01:06:52]} {[%emt 00:00:04]} Qb3+ {[%clk 00:08:10]}
{[%emt 00:00:06]} 57. Ka5 {[%clk 01:07:12]} {[%emt 00:00:10]} Ra4# {[%clk
00:08:33]} {[%emt 00:00:16]} 0-1

[Event "ODJM C 2023"]
[Site "Willingen GER"]
[Date "2023.06.03"]
[Round "9"]
[White "Betz, Niclas"]
[Black "Engelhaupt, Henry"]
[Result "1-0"]
[Termination "normal"]
[Board "27"]
[WhiteElo "1043"]
[BlackElo "1196"]
[WhiteClock "01:43:52"]
[BlackClock "01:44:04"]
[PlyCount "153"]
[WhiteFideId "34616748"]
[BlackFideId "34644814"]
[EventCountry "GER"]
[EventRounds "9"]
[EventType "swiss"]
[EventDate "2023.05.27"]

1. e4 {[%clk 01:30:58]} {[%emt 00:00:02]} e5 {[%clk 01:30:56]} {[%emt
00:00:04]} 2. Nf3 {[%clk 01:31:21]} {[%emt 00:00:06]} Nc6 {[%clk 01:31:22]}
{[%emt 00:00:04]} 3. d4 {[%clk 01:31:44]} {[%emt 00:00:07]} exd4 {[%clk
01:31:43]} {[%emt 00:00:09]} 4. c3 {[%clk 01:32:08]} {[%emt 00:00:06]} dxc3
{[%clk 01:30:52]} {[%emt 00:01:21]} 5. Nxc3 {[%clk 01:32:31]} {[%emt 00:00:07]}
Bc5 {[%clk 01:31:15]} {[%emt 00:00:07]} 6. Bc4 {[%clk 01:32:32]} {[%emt
00:00:29]} h6 {[%clk 01:30:52]} {[%emt 00:00:53]} 7. O-O {[%clk 01:32:51]}
{[%emt 00:00:10]} d6 {[%clk 01:31:14]} {[%emt 00:00:09]} 8. e5 {[%clk
01:32:39]} {[%emt 00:00:42]} Bg4 {[%clk 01:31:17]} {[%emt 00:00:27]} 9. Qd5
{[%clk 01:31:51]} {[%emt 00:01:18]} Be6 {[%clk 01:31:14]} {[%emt 00:00:32]} 10.
Qd3 {[%clk 01:31:45]} {[%emt 00:00:36]} Nxe5 {[%clk 01:30:02]} {[%emt
00:01:43]} 11. Nxe5 {[%clk 01:30:40]} {[%emt 00:01:35]} dxe5 {[%clk 01:30:20]}
{[%emt 00:00:12]} 12. Qe2 {[%clk 01:30:53]} {[%emt 00:00:16]} Bxc4 {[%clk
01:30:06]} {[%emt 00:00:45]} 13. Qxc4 {[%clk 01:31:01]} {[%emt 00:00:22]} Qe7
{[%clk 01:30:29]} {[%emt 00:00:07]} 14. Nd5 {[%clk 01:31:07]} {[%emt 00:00:23]}
Qd6 {[%clk 01:30:31]} {[%emt 00:00:28]} 15. Be3 {[%clk 01:30:51]} {[%emt
00:00:47]} Bxe3 {[%clk 01:29:52]} {[%emt 00:01:09]} 16. Nxc7+ {[%clk 01:30:50]}
{[%emt 00:00:31]} Kf8 {[%clk 01:29:41]} {[%emt 00:00:40]} 17. Nxa8 {[%clk
01:31:06]} {[%emt 00:00:15]} Bc5 {[%clk 01:29:41]} {[%emt 00:00:29]} 18. Rfd1
{[%clk 01:31:12]} {[%emt 00:00:24]} Qe7 {[%clk 01:29:30]} {[%emt 00:00:39]} 19.
Rac1 {[%clk 01:31:05]} {[%emt 00:00:40]} b6 {[%clk 01:29:22]} {[%emt 00:00:38]}
20. b4 {[%clk 01:31:05]} {[%emt 00:00:30]} Bd6 {[%clk 01:28:07]} {[%emt
00:01:45]} 21. Qc8+ {[%clk 01:31:16]} {[%emt 00:00:18]} Qe8 {[%clk 01:28:26]}
{[%emt 00:00:10]} 22. Qxe8+ {[%clk 01:31:16]} {[%emt 00:00:30]} Kxe8 {[%clk
01:28:51]} {[%emt 00:00:06]} 23. Rxd6 {[%clk 01:31:29]} {[%emt 00:00:16]} Ke7
{[%clk 01:28:59]} {[%emt 00:00:23]} 24. Rd2 {[%clk 01:31:44]} {[%emt 00:00:15]}
Nf6 {[%clk 01:29:20]} {[%emt 00:00:09]} 25. Nc7 {[%clk 01:31:57]} {[%emt
00:00:17]} Nh5 {[%clk 01:28:45]} {[%emt 00:01:04]} 26. Re1 {[%clk 01:32:13]}
{[%emt 00:00:14]} f6 {[%clk 01:28:51]} {[%emt 00:00:24]} 27. g4 {[%clk
01:32:05]} {[%emt 00:00:38]} Nf4 {[%clk 01:29:05]} {[%emt 00:00:16]} 28. Nd5+
{[%clk 01:32:29]} {[%emt 00:00:06]} Nxd5 {[%clk 01:29:14]} {[%emt 00:00:21]}
29. Rxd5 {[%clk 01:32:49]} {[%emt 00:00:10]} Kf7 {[%clk 01:29:22]} {[%emt
00:00:22]} 30. Rd7+ {[%clk 01:33:05]} {[%emt 00:00:14]} Kg6 {[%clk 01:29:44]}
{[%emt 00:00:07]} 31. Rxa7 {[%clk 01:33:17]} {[%emt 00:00:19]} Rc8 {[%clk
01:29:53]} {[%emt 00:00:21]} 32. Rb7 {[%clk 01:33:25]} {[%emt 00:00:22]} Rc4
{[%clk 01:30:12]} {[%emt 00:00:12]} 33. Rxb6 {[%clk 01:33:15]} {[%emt
00:00:40]} Rxg4+ {[%clk 01:30:34]} {[%emt 00:00:06]} 34. Kf1 {[%clk 01:33:27]}
{[%emt 00:00:19]} Rh4 {[%clk 01:30:38]} {[%emt 00:00:25]} 35. Kg2 {[%clk
01:33:45]} {[%emt 00:00:13]} Rg4+ {[%clk 01:30:59]} {[%emt 00:00:09]} 36. Kh3
{[%clk 01:33:52]} {[%emt 00:00:23]} Kf5 {[%clk 01:31:13]} {[%emt 00:00:16]} 37.
f3 {[%clk 01:33:58]} {[%emt 00:00:25]} Rg6 {[%clk 01:31:32]} {[%emt 00:00:10]}
38. Rd6 {[%clk 01:33:12]} {[%emt 00:01:17]} Kf4 {[%clk 01:31:27]} {[%emt
00:00:35]} 39. Rdd1 {[%clk 01:33:18]} {[%emt 00:00:25]} Rg5 {[%clk 01:31:28]}
{[%emt 00:00:29]} 40. Kh4 {[%clk 01:33:37]} {[%emt 00:00:11]} g6 {[%clk
01:31:49]} {[%emt 00:00:09]} 41. Re4+ {[%clk 01:33:45]} {[%emt 00:00:23]} Kxf3
{[%clk 01:32:11]} {[%emt 00:00:08]} 42. Rf1+ {[%clk 01:33:02]} {[%emt
00:01:13]} Kxe4 {[%clk 01:32:28]} {[%emt 00:00:13]} 43. Rxf6 {[%clk 01:33:14]}
{[%emt 00:00:17]} Kd5 {[%clk 01:32:40]} {[%emt 00:00:16]} 44. b5 {[%clk
01:32:56]} {[%emt 00:00:50]} e4 {[%clk 01:33:05]} {[%emt 00:00:05]} 45. b6
{[%clk 01:33:20]} {[%emt 00:00:06]} e3 {[%clk 01:33:21]} {[%emt 00:00:14]} 46.
Rf1 {[%clk 01:33:16]} {[%emt 00:00:35]} Rh5+ {[%clk 01:33:41]} {[%emt
00:00:10]} 47. Kg3 {[%clk 01:33:34]} {[%emt 00:00:12]} Rg5+ {[%clk 01:34:04]}
{[%emt 00:00:07]} 48. Kf3 {[%clk 01:33:54]} {[%emt 00:00:10]} Rf5+ {[%clk
01:34:19]} {[%emt 00:00:14]} 49. Ke2 {[%clk 01:34:10]} {[%emt 00:00:14]} Kc6
{[%clk 01:34:25]} {[%emt 00:00:24]} 50. Rxf5 {[%clk 01:34:29]} {[%emt
00:00:11]} gxf5 {[%clk 01:34:49]} {[%emt 00:00:06]} 51. Kxe3 {[%clk 01:34:50]}
{[%emt 00:00:09]} Kxb6 {[%clk 01:35:10]} {[%emt 00:00:09]} 52. Kf4 {[%clk
01:35:13]} {[%emt 00:00:07]} Kb5 {[%clk 01:35:20]} {[%emt 00:00:20]} 53. Kxf5
{[%clk 01:35:35]} {[%emt 00:00:08]} Kb4 {[%clk 01:35:44]} {[%emt 00:00:06]} 54.
Kg6 {[%clk 01:35:56]} {[%emt 00:00:08]} Ka3 {[%clk 01:36:06]} {[%emt 00:00:09]}
55. Kxh6 {[%clk 01:36:19]} {[%emt 00:00:07]} Kxa2 {[%clk 01:36:31]} {[%emt
00:00:05]} 56. h4 {[%clk 01:36:40]} {[%emt 00:00:09]} Kb3 {[%clk 01:36:57]}
{[%emt 00:00:04]} 57. Kg5 {[%clk 01:37:04]} {[%emt 00:00:06]} Kc4 {[%clk
01:37:22]} {[%emt 00:00:05]} 58. Kg6 {[%clk 01:37:15]} {[%emt 00:00:18]} Kd5
{[%clk 01:37:48]} {[%emt 00:00:05]} 59. Kg7 {[%clk 01:37:29]} {[%emt 00:00:16]}
Ke6 {[%clk 01:38:13]} {[%emt 00:00:05]} 60. h5 {[%clk 01:37:50]} {[%emt
00:00:10]} Kf5 {[%clk 01:38:20]} {[%emt 00:00:23]} 61. h6 {[%clk 01:38:11]}
{[%emt 00:00:09]} Ke6 {[%clk 01:38:23]} {[%emt 00:00:57]} 62. h7 {[%clk
01:38:32]} {[%emt 00:00:09]} Kd5 {[%emt 00:00:12]} 63. h8=Q {[%clk 01:38:51]}
{[%emt 00:00:03]} Ke4 {[%clk 01:39:11]} {[%emt 00:00:08]} 64. Qh5 {[%clk
01:39:09]} {[%emt 00:00:12]} Kf4 {[%clk 01:39:32]} {[%emt 00:00:09]} 65. Qd5
{[%clk 01:39:30]} {[%emt 00:00:09]} Ke3 {[%clk 01:39:55]} {[%emt 00:00:07]} 66.
Qc4 {[%clk 01:39:46]} {[%emt 00:00:14]} Kf3 {[%clk 01:40:10]} {[%emt 00:00:15]}
67. Qd4 {[%clk 01:40:08]} {[%emt 00:00:08]} Ke2 {[%clk 01:40:33]} {[%emt
00:00:07]} 68. Qc3 {[%clk 01:40:33]} {[%emt 00:00:05]} Kf2 {[%clk 01:40:59]}
{[%emt 00:00:04]} 69. Qd3 {[%clk 01:40:54]} {[%emt 00:00:09]} Kg2 {[%clk
01:41:22]} {[%emt 00:00:07]} 70. Qe3 {[%clk 01:41:17]} {[%emt 00:00:07]} Kh2
{[%clk 01:41:42]} {[%emt 00:00:09]} 71. Qf3 {[%clk 01:41:42]} {[%emt 00:00:05]}
Kg1 {[%clk 01:42:00]} {[%emt 00:00:12]} 72. Qe2 {[%clk 01:42:09]} {[%emt
00:00:04]} Kh1 {[%clk 01:42:21]} {[%emt 00:00:09]} 73. Kg6 {[%clk 01:42:35]}
{[%emt 00:00:04]} Kg1 {[%clk 01:42:47]} {[%emt 00:00:04]} 74. Kg5 {[%clk
01:42:57]} {[%emt 00:00:08]} Kh1 {[%clk 01:43:12]} {[%emt 00:00:05]} 75. Kg4
{[%clk 01:43:21]} {[%emt 00:00:06]} Kg1 {[%clk 01:43:37]} {[%emt 00:00:05]} 76.
Kh3 {[%clk 01:43:29]} {[%emt 00:00:22]} Kh1 {[%clk 01:44:04]} {[%emt 00:00:04]}
77. Qf1# {[%clk 01:43:52]} {[%emt 00:00:07]} 1-0